| 000 | 00657nam a2200241I 4500 | ||
|---|---|---|---|
| 999 |
_c3871 _d3871 |
||
| 001 | 776747 | ||
| 003 | OSt | ||
| 005 | 20181123162500.0 | ||
| 008 | 740116s1947 xx 000 0 eng d | ||
| 035 | 0 | 1 | _a87261 |
| 040 |
_aBSC _cBSC _dMTU |
||
| 082 |
_a266 _bB893w |
||
| 092 |
_a248.29 _bB893w |
||
| 092 |
_a289.9 _bB893w |
||
| 100 | 1 |
_aBrumback, Carl, _d1917- |
|
| 245 | 1 | 0 |
_a"What meaneth This?" _bA Pentecostal answer to a Pentecostal question. |
| 260 |
_aSpringfield, Mo., _bGospel Pub. Co. _c[c1947] |
||
| 300 |
_a352 p. _c19 cm. |
||
| 504 | _aBibliography: p. 346-348. | ||
| 650 | 0 | _aGlossolalia. | |
| 650 | 0 | _aPentecostal churches. | |
| 942 |
_2ddc _cBK |
||